01030 a2200193 45000010006000000050017000060080041000230030015000640400040000790800104001192450096002230200018003192640033003373000019003705050305003890410008006941000027007028560107007294113520260407155705.0260407a2003 arg spa dAR-UNSa-BCEJYS aAR-UNSa-BCEJYSbspacAR-UNSa-BCEJYS a347.736xQuiebra. Insolvencia. Suspensión de pagos. Bancarrota, procedimientos. Derecho Concursal10aEl nuevo régimen concursalpLeyes 25.561, 25.563 y 25.589. Aplicación del CER y del CVS a950-894-394-7 1aBuenos Aires :bAD-HOCc2003 a256 p.c23 cm. a1. La Ley 24.522 y sus primeras reformas - 2. La emergencia económica y la primera reforma sustancial al nuevo régimen concursal argentino - 3. La reforma de la reforma (¿La contrarreforma?) - 4. Análisis pormenorizado de las principales reformas introducidas a la Ley 24.522 por la Ley 25.589 aspa1 aVítolo, Daniel Roque41uhttps://biblioeco.unsa.edu.ar/pmb/images/libros/el_nuevo_reg_Vitolo.jpgyImagen de portadaqimage/jpeg